Emergency management of skeletal injuries / (Record no. 4709)

000 -LEADER
fixed length control field 00895nam a2200301 a 4500
003 - CONTROL NUMBER IDENTIFIER
control field OSt
005 - DATE AND TIME OF LATEST TRANSACTION
control field 20220328065458.0
008 - FIXED-LENGTH DATA ELEMENTS--GENERAL INFORMATION
fixed length control field 940914s1995 moua b 001 0 eng c
010 ## - LIBRARY OF CONGRESS CONTROL NUMBER
LC control number 94036280
020 ## - INTERNATIONAL STANDARD BOOK NUMBER
International Standard Book Number 0801672430 (alk. paper)
035 ## - SYSTEM CONTROL NUMBER
System control number 166609
035 ## - SYSTEM CONTROL NUMBER
System control number V\=
035 ## - SYSTEM CONTROL NUMBER
System control number 31287732
040 ## - CATALOGING SOURCE
Original cataloging agency DNLM/DLC
Transcribing agency ALUPE UNIVERSITY
Modifying agency NLM
049 ## - LOCAL HOLDINGS (OCLC)
Holding library JHWW
Notes about holdings o
096 ## - LOCALLY ASSIGNED NLM-TYPE CALL NUMBER (OCLC)
Classification number WE 200 E53 1995
245 00 - TITLE STATEMENT
Title Emergency management of skeletal injuries /
Statement of responsibility, etc. editors, Ernest Ruiz, James J. Cicero.
260 ## - PUBLICATION, DISTRIBUTION, ETC.
Place of publication, distribution, etc. St. Louis, Mo. :
Name of publisher, distributor, etc. Mosby,
Date of publication, distribution, etc. c1995.
300 ## - PHYSICAL DESCRIPTION
Extent viii, 568 p. :
Other physical details ill. ;
Dimensions 29 cm.
504 ## - BIBLIOGRAPHY, ETC. NOTE
Bibliography, etc. note Includes bibliographical references and index.
650 #2 - SUBJECT ADDED ENTRY--TOPICAL TERM
Topical term or geographic name entry element Bone and Bones
General subdivision injuries.
650 #2 - SUBJECT ADDED ENTRY--TOPICAL TERM
Topical term or geographic name entry element Emergency Medicine.
700 1# - ADDED ENTRY--PERSONAL NAME
Personal name Ruiz, Ernest.
700 1# - ADDED ENTRY--PERSONAL NAME
Personal name Cicero, James J.
910 ## - USER-OPTION DATA (OCLC)
User-option data 166609
942 ## - ADDED ENTRY ELEMENTS (KOHA)
Source of classification or shelving scheme
Koha item type Book
Suppress in OPAC DO
945 ## - LOCAL PROCESSING INFORMATION (OCLC)
a MATT
b 1
d 92.40
k 950512
n 36
o 1
q A
w 1
Holdings
Withdrawn status Lost status Source of classification or shelving scheme Damaged status Not for loan Permanent Location Current Location Shelving location Date acquired Source of acquisition Total Checkouts Full call number Barcode Date last seen Price effective from Koha item type Public note
          AU LIBRARY AU LIBRARY Open Shelf 28.03.2022 DONATION FROM MOI UNIVERSITY   RD731 .E44 1995 28006988 28.03.2022 28.03.2022 Book DO

Powered by Koha